00629nam a2200241 a 4500001001300000003000900013005001700022008004100039020000800080082001500088100001800103245002300121260002900144300000900173500003500182505001000217650001900227700001800246902000800264942000700272952009300279999001500372nice12345678IN_TiNIC20260116011632.0050524s1939 lona grp 000 0 eng  ac000a248.4bGRE aGrensted, L W aBusiness of Living aLondonbScm Press c1939 a187p aincludes index and biblioraphy2 aIndex aChristian-Life1 aGrensted, L W bSRS cBK 00104070aHMIbHMId2005-05-24g0.00l0o248.4 GREp5511r2005-05-24w2026-01-16yARB c3028d3028